Can we help you,Saint Nicholas?

Bibliographic Details
Main Author: Scheidl, Gerda Marie
Format: Book
Published: New York : North-South Books , 1992
Subjects:

MARC

LEADER 00000cam a2200000 7i4500
001 0000008064
002 000008800
005 20000330.0
020 |a 1558581545 
090 0 0 |a JF   |b SCH 
100 1 |a Scheidl, Gerda Marie 
245 1 0 |a Can we help you,Saint Nicholas?   |c Gerda Marie Scheidl 
260 |a New York :   |b North-South Books ,   |c 1992 
300 |a p.v :   |b ill ;   |c 17cm. 
650 0 0 |a Children's stories 
999 |a 052453   |b BUKU   |c PINJAMAN   |e PERPUSTAKAAN KOMUNITI PETALING JAYA